000 01112nam a2200217Ia 4500
003 Ost
005 20260507075803.0
008 260507s9999||||xx |||||||||||||| ||und||
040 _cfsecg
041 _aara
082 _a310
100 _aحميدان، عدنان عباس
_eمؤلف
245 0 _aمبادئ الإحصاء /
_c عدنان عباس حميدان
260 _aدمشق:
_bمنشورات جامعة دمشق,
_c2004
300 _a511 صفحة؛
_bإيضاحات ؛
_c24 سم
504 _aبيبليوغرافيا: ص ص.505-509
520 _aيضم الإحصاء واستخداماته، جمع البيانات والحقائق الإحصائية، عرض البيانات الإحصائية، مقاييس النزعة المركزية(المتوسطات)، مقاييس التشتت، مقاييس الإلتواء والتفلطح، الاحتمالات وبعض التوزيعات الاحتمالية، تحليل الإرتباط والإنحدار، الأرقام القياسية.
653 _aالإحصاء
653 _aالإحصاء الرياضي
942 _cكتاب
999 _c46344
_d46344